000 00507nam a2200181Ia 4500
005 20250326130055.0
008 250326s9999 xx 000 0 und d
037 _aTextbook
040 _aFMSL
_beng
_cFMSL
041 _aeng
_2eng
084 _aX:8 N4
_qFMSL
100 _aGupta S
245 0 _aFundamentals of operations research for management
_cGupta S; Cozzolono J M
260 _aLondon
_bLondon, Holden-Day
_c1974
300 _a405p
942 _cTB
_hX:8 N4
999 _c1280804
_d1280804